| 000 | 01077cab a2200205 4500 | ||
|---|---|---|---|
| 001 | L130918 | ||
| 008 | 050919n2005 000 0 eng u | ||
| 035 | _a(Sirsi) u130918 | ||
| 041 | 0 | _aeng | |
| 100 | 1 | _aDixon, Timothy | |
| 245 | 0 | 0 | _aLessons from the private finance initiative in the UK |
| 260 | _c2005 | ||
| 490 | 0 |
_aJournal of Property Investment and Finance _v23(5) 2005, 412-423(11) |
|
| 520 | _aThis paper summarises the main research findings from a detailed, qualitative set of structured interviews and case studies of private finance initiative (PFI) schemes in the UK, which involve the construction of built facilities. The research which was funded by the Foundation for the Built Environment, examines the emergence of PFI in the UK. Benefits and problems in the PFI Process are investigated. Best practice, the key critical factors for success, and lessons for the future are also analysed. [Taken from journal abstract.] | ||
| 590 | _aIKA270905 | ||
| 690 |
_aProcurement _96260 |
||
| 700 | 1 | _aPottinger, Gaye | |
| 700 | 1 | _aJordan, Alan | |
| 942 | _n0 | ||
| 999 |
_c75881 _d75881 |
||